| 000 | 00551nam a2200241Ia 4500 | ||
|---|---|---|---|
| 008 | 181129s9999 xx 000 0 und d | ||
| 020 | _a9780531216590 | ||
| 050 | _bG822 2015 | ||
| 100 | _aGregory, Josh | ||
| 245 | 0 | _aSeal / | |
| 245 | 0 | _cby Josh Gregory. | |
| 260 | _aNew York, NY : | ||
| 260 | _bChildren's Press, | ||
| 260 | _c2015 | ||
| 300 | _a48 pages : | ||
| 300 | _bcolor illustrations ; | ||
| 300 | _c21cm. | ||
| 440 | _aNature's children. | ||
| 500 | _a910L | ||
| 650 | _aSeals. | ||
| 700 | _aSeries. | ||
| 700 | _aTitle. | ||
| 999 |
_c359860 _d359860 |
||